Responses for show #2122 - Tuesday, November 23, 1993

1993 Tournament of Champions semifinal game 2.

Contestants

[<< previous game]

Leslie Miller, a business communications representative originally from Reston, Virginia

Marilyn Kneeland, a retired teacher and Seniors Tournament winner from San Diego, California

Ed Schiffer, a college lecturer from Santa Monica, California

[next game >>]

Jeopardy! Round responses

THE 1480s
TV ROLES
DAYS OF THE WEEK
NONFICTION
PEOPLE & PLACES
THE "BUCK" STOPS HERE
    $100 11
Christopher Columbus

Leslie
    $100 1
(Marilyn: Who are characters in Star Trek: The Next Generation?)
(Leslie: What is Fantasy Island?)
(Alex: We are going for a person who played these roles; perhaps I should have explained that, I'm sorry I did not!)
...
(Alex: [After the first break] A bit of good news for Leslie and Marilyn; during the break I spoke with our producer and he agreed with me that it was my error in not explaining the TV ROLES category that led to the confusion, so to make things right, we're each giving you back your $100.)

Ricardo Montalban

Triple Stumper
    $100 29
(Super Bowl) Sunday

Ed
    $100 30
Watergate

Marilyn
    $100 7
Geneva

Ed
    $100 6
"One, two, buckle my shoe"

Leslie
    $200 15
Yeomen of the Guard

Marilyn
    $200 2
John Forsythe

Ed
    $200 9
Friday

Marilyn
    $200 20
Russia

Leslie
    $200 8
Maori

Leslie
    $200 10
Buck Rogers

Marilyn
    $300 16
Sir Thomas Malory

Ed
    $300 3
Leslie Nielsen

Marilyn
    $300 28
Wednesday (Wed.)

Leslie
    $300 21
Barbara Woodhouse

Leslie
    $300 12
Sao Paulo

Ed
    $300 23
(E: I don't know.)

Buckshot

EdMarilyn
    $400 17
Bosworth Field

Marilyn
    $400 4
Stefanie Powers

Marilyn
    $900 19
Tuesday (Tuesday Afternoon)

Leslie
    $400 22
Arthur Ashe

Marilyn
    $400 13
Walloons

Ed
    $400 24
William F. Buckley, Jr.

Leslie
    $500 18
Tomas de Torquemada

Leslie
    $500 5
Cloris Leachman

Ed
    $500 27
(M: What is Black Friday?)

Black Monday

Marilyn
Triple Stumper
    $500 26
Alan Dershowitz

Ed
    $500 14
Albania

Marilyn
    $500 25
Buckminster Fuller

Ed

Scores at the first commercial break (after clue 15):

Ed Marilyn Leslie
$1,500 $1,800 $400

Scores at the end of the Jeopardy! Round:

Ed Marilyn Leslie
$2,600 $2,500 $3,000

Double Jeopardy! Round responses

U.S. HISTORY
NORSE MYTHOLOGY
MUSICAL TERMS
MEDICINE
THEATER
SMALL AFRICAN COUNTRIES
(Alex: What do you bet we don't get to that category until the very end?)
    $200 6
(E: Who is Ben Franklin?)

George Washington

EdMarilyn
    $200 27
Odin

Ed
    $200 22
Rock

Ed
    $200 17
Multiple Sclerosis

Leslie
    $200 1
Somerset Maugham

Marilyn
    $200 7
South Africa

Ed
    $400 8
Iowa

Ed
    $400 12
Mead

Marilyn
    $400 23
Fa

Marilyn
    $400 18
(Lower) back

Leslie
    $400 2
Neil Simon

Marilyn
    $400 13
Burundi

Marilyn
    $2,000 9
(E: What is Loco Foco?)

Greenback Party

Ed
    $600 24
Loki

Marilyn
    $600 30
Obligato

Ed
    $600 19
Diabetes

Ed
    $2,000 3
Murder in the Cathedral

Marilyn
    $600 14
Guinea-Bissau

Ed
    $800 10
Andrew Jackson

Marilyn
    $800 25
Valkyries

Ed
    $800 29
Pianissimo

Marilyn
    $800 20
Heart

Triple Stumper
    $800 4
Moliere

Ed
    $800 15
Burkina Faso

Leslie
    $1000 11
Nat Turner

Leslie
    $1000 26
Asgard

Marilyn
    $1000 28
Idee fixe

Ed
    $1000 21
(M: What is electrolysis?)

Dermabrasion

Marilyn
Triple Stumper
    $1000 5
Charles MacArthur

Marilyn
    $1000 16
(M: What is Libreville?)

Freetown

Marilyn
Triple Stumper

Scores at the end of the Double Jeopardy! Round:

Ed Marilyn Leslie
$5,800 $8,700 $5,400

[wagering suggestions for these scores]

Final Jeopardy! Round responses

HISTORIC FRENCHMEN
LeslieWho was Cadillac?
$5,400
EdWho was LaSalle?
$5,800
MarilynWho was Cadillac?
$2,902
Antoine de Cadillac

Final scores:

Ed Marilyn Leslie
$0 $11,602 $10,800
3rd place: $5,000 Finalist 2nd place: $5,000

Game dynamics:

Coryat scores:

Ed Marilyn Leslie
$7,800 $7,300 $4,900
19 R,
3 W
(including 1 DD)
22 R
(including 1 DD),
3 W
13 R
(including 1 DD),
0 W

Combined Coryat: $20,000

The J! Archive is created by fans, for fans. Scraping, republication, monetization, and malicious use prohibited; this site may use cookies and collect identifying information. See terms. The Jeopardy! game show and all elements thereof, including but not limited to copyright and trademark thereto, are the property of Jeopardy Productions, Inc. and are protected under law. This website is not affiliated with, sponsored by, or operated by Jeopardy Productions, Inc. Join the discussion at JBoard.tv.